| 000 | 01704cam a2200361 a 4500 | ||
|---|---|---|---|
| 001 | 727902 | ||
| 005 | 20230131184343.0 | ||
| 008 | 980820s1999 enkabf b 001 0deng | ||
| 010 | _a 98042208 | ||
| 020 | _a0333751442 (hard) | ||
| 020 | _a0333751450 (paper) | ||
| 020 | _a0312220618 | ||
| 040 |
_aDLC _cDLC _dDLC |
||
| 043 |
_ae-fr--- _aa-ii--- |
||
| 050 | 0 | 0 |
_aD549.I53 _bI53 1999 |
| 082 | 0 | 0 |
_a940.48154,TUL _221 |
| 245 | 0 | 0 |
_aIndian voices of the Great War : _bsoldiers' letters, 1914-18 / _cselected and introduced by David Omissi. |
| 260 |
_aHoundmills, Basingstoke, Hampshire : _bMamillan Press ; _aNew York : _bSt. Martin's Press, _c1999. |
||
| 300 |
_axxvii, 382 p., [8] p. of plates : _bill., maps ; _c25 cm. |
||
| 505 | _aIntroduction (Page-1), The letters (Page-23), 1914-15 (Page-23), 1916 (Page-131), 1917 (Page-263), 1918 (Page-345). | ||
| 610 | 1 | 0 |
_aIndia. _bArmy _vBiography. _9108313 |
| 610 | 1 | 0 |
_aIndia. _bArmy _xHistory _yWorld War, 1914-1918. _9106726 |
| 650 | 0 |
_aWorld War, 1914-1918 _xCampaigns _zFrance. _949310 |
|
| 650 | 0 |
_aSoldiers _zIndia _vCorrespondence. _9108314 |
|
| 650 | 0 |
_aWorld War, 1914-1918 _vPersonal narratives, Indian. _9108315 |
|
| 700 | 1 |
_aOmissi, David E., _d1960- _9108316 |
|
| 856 | 4 | 2 |
_3Contributor biographical information _uhttp://www.loc.gov/catdir/bios/hol057/98042208.html |
| 856 | 4 | 2 |
_3Publisher description _uhttp://www.loc.gov/catdir/description/hol056/98042208.html |
| 856 | 4 | 1 |
_3Table of contents _uhttp://www.loc.gov/catdir/toc/fy036/98042208.html |
| 906 |
_a7 _bcbc _corignew _d1 _eocip _f19 _gy-gencatlg |
||
| 942 |
_2ddc _cBK |
||
| 999 |
_c593105 _d593105 |
||